Obras completas / (Record no. 43071)

MARC details
000 -LEADER
campo de control de longitud fija 00918nam a2200241 i 4500
001 - NÚMERO DE CONTROL
campo de control 43071
003 - IDENTIFICADOR DE NÚMERO DE CONTROL
campo de control ES-MaACL
005 - FECHA Y HORA DE LA ÚLTIMA TRANSACCIÓN
campo de control 20250916063035.0
007 - CAMPO FIJO DE DESCRIPCIÓN FÍSICA--INFORMACIÓN GENERAL
campo de control de longitud fija t|
008 - DATOS DE LONGITUD FIJA--INFORMACIÓN GENERAL
campo de control de longitud fija 030314s1944 sp ||||1| spa d
040 ## - FUENTE DE CATALOGACIÓN
Centro/agencia transcriptor ES-MaACL
100 1# - ENTRADA PRINCIPAL--NOMBRE DE PERSONA
Nombre de persona Castro, Rosalía de,
Fechas asociadas al nombre 1837-1885
9 (RLIN) 147676
Término indicativo de función/relación Autor
245 10 - MENCIÓN DEL TÍTULO
Título Obras completas /
Mención de responsabilidad, etc. Rosalía de Castro ; recopilación, prólogo y notas de Victoriano García Martí.
260 ## - PUBLICACIÓN, DISTRIBUCIÓN, ETC.
Lugar de publicación, distribución, etc. Madrid :
Nombre del editor, distribuidor, etc. M. Aguilar,
Fecha de publicación, distribución, etc. 1944 (
Fabricante Eugenio Sánchez Leal)
300 ## - DESCRIPCIÓN FÍSICA
Extensión CCVI, 1432 páginas :
Otras características físicas 1 retrato de la autora ;
Dimensiones 14 cm.
600 14 - PUNTO DE ACCESO ADICIONAL DE MATERIA--NOMBRE DE PERSONA
9 (RLIN) 147676
Nombre de persona Castro, Rosalía de,
Fechas asociadas al nombre 1837-1885
700 1# - ENTRADA AGREGADA--NOMBRE PERSONAL
Nombre de persona García Martí, Victoriano,
Fechas asociadas al nombre 1881-1966
9 (RLIN) 54896
Término indicativo de función/relación Traductor
852 ## - LOCALIZACIÓN
Ubicación ES-MaACL
Número de control de estantería B-10167
Sublocalización o colección R.21305
Ubicación en estantería Sala Pardo Bazán
itemnumber 44668
852 ## - LOCALIZACIÓN
Ubicación ES-MaACL
Número de control de estantería A-2889
Sublocalización o colección R.21752
itemnumber 44667
Ubicación en estantería Sala Pecera Planta 1
942 ## - ELEMENTOS DE ENTRADA SECUNDARIOS (KOHA)
Tipo de ítem Koha Libro impreso
Suprimir en OPAC No
Holdings
Estatus retirado Estado de pérdida Estado de daño No para préstamo Biblioteca de origen Biblioteca actual Ubicación en estantería Fecha de adquisición Fuente de adquisición Total de préstamos Signatura topográfica completa Código de barras Visto por última vez Precio de reemplazo Tipo de ítem Koha
        Biblioteca del Ateneo de Madrid Biblioteca del Ateneo de Madrid Sala Pecera Planta 1 17/01/2008     A-2889 1045335 23/02/2023 23/02/2023 Libro impreso
        Biblioteca del Ateneo de Madrid Biblioteca del Ateneo de Madrid Sala Pardo Bazán 17/01/2008     B-10167 1045334 23/02/2023 23/02/2023 Libro impreso